000 00750nmm a2200217 4500
008 230614s2019 o d cat d
041 _acat
100 _975387
_aVidal Ribas, Guille
245 _aGlossari de dansa urbana
_h[en línia]
_cGuille Vidal-Ribas
260 _aBarcelona
_bGeneralitat de Catalunya. Institut Català de les Qualificacions Professionals
_c2019
300 _a9 p.
500 _aBibliografia
500 _aRemissions
520 _a33
546 _acatalà
592 _aObra terminològica
593 _aUI
650 0 _adansa
_965176
856 _uhttps://fp.gencat.cat/web/.content/04_Arees/cataleg-qualificacions-professionals/documents/ARXIUS/20191111-GLOSSARI-DANSA-URBANA-v3_revICQP_p.pdf
942 _cMO
_n0
_2ddc
999 _c68693
_d68693